Landscape planning
| Main Author: | |
|---|---|
| Format: | Book |
| Published: |
London New York
Hutchinson Nichols
1987
|
| Series: | The built environment series
|
| Subjects: |
MARC
| LEADER | 00000cam a2200000 7i4500 | ||
|---|---|---|---|
| 001 | 0000000242 | ||
| 008 | 021118s1987 | ||
| 020 | |a 009164710X | ||
| 090 | 0 | 0 | |a TD194.6 |b .T8 |
| 100 | 0 | |a Turner, Tom |e author | |
| 245 | 0 | 0 | |a Landscape planning |c Tom Turner |
| 260 | 2 | |a London |b Hutchinson |a New York |b Nichols |c 1987 | |
| 300 | |a 213 p. |c 26 cm | ||
| 440 | 0 | 4 | |a The built environment series |
| 650 | 0 | |a Environmental impact analysis | |
| 650 | 0 | |a Land use |x Planning | |
| 650 | 0 | |a Landscape architecture | |
| 999 | |a 1000035517 |b Book |c OPEN SHELF (30 DAYS) |e Gong Badak Campus | ||